00273cam a22000857a 4500008004000000082001600040245005600056260004200112700003300154180718b1985 xxu||||| |||| 00| 0 eng d aRx54 In2 lw aLabour and labour welfarecby Lok Sabha Secretariat aNew DelibLok Sabha Secretariatc1985 aIndia. Lok Sabha Secretariat